Normal view
MARC view
- Habib, Mubashar
Entry Personal Name
001 - CONTROL NUMBER
- control field: 18032
003 - CONTROL NUMBER IDENTIFIER
- control field: NUST
005 - DATE AND TIME OF LATEST TRANSACTION
- control field: 20190718064805.0
008 - FIXED-LENGTH DATA ELEMENTS
- fixed length control field: 190718|| aca||aabn | a|a d
040 ## - CATALOGING SOURCE
- Original cataloging agency: NUST
- Transcribing agency: NUST
100 ## - HEADING--PERSONAL NAME
- Personal name: Habib, Mubashar
670 ## - SOURCE DATA FOUND
- Source citation: Work cat.: (NUST): Habib, Mubashar, A Study on Mutual Funds Performance in Pakistan /, 2017.
